Social profile of adult patients utilizing government and private dental clinics in Ipoh, Perak. /
Saved in:
| Main Author: | |
|---|---|
| Format: | Thesis Book |
| Language: | English |
| Published: |
2001.
|
| Subjects: | |
| Tags: |
Add Tag
No Tags, Be the first to tag this record!
|
| LEADER | 01117cam a2200277 a 4500 | ||
|---|---|---|---|
| 001 | u509596 | ||
| 003 | SIRSI | ||
| 008 | 990204s2001 my t 00 0 eng m | ||
| 035 | |a ACX-3490 | ||
| 040 | |a UMG | ||
| 043 | |a a-my-pe | ||
| 091 | |a Microfiche 17217 | ||
| 096 | |a WU113 |b UM 2001 Noork | ||
| 100 | 0 | 0 | |a Noor Rohana Kamaruddin. |
| 245 | 1 | 0 | |a Social profile of adult patients utilizing government and private dental clinics in Ipoh, Perak. / |c Noor Rohana bt. Kamaruddin. |
| 260 | |c 2001. | ||
| 300 | |a xi, 110, [21] leaves : |b ill.(some col.) ; |c 30 cm. | ||
| 500 | |a Also available on microfiche. Kuala Lumpur: University of Malaya Library, 2001. 2 fiches: negative; 11 x 15cm. | ||
| 502 | |a Dissertation (M.Comm.Dent.) -- Jabatan Pergigian Masyarakat, Fakulti Pergigian, Universiti Malaya, Kuala Lumpur, 2001. | ||
| 504 | |a Bibliography: leaves 102-110. | ||
| 650 | 2 | |a Dental Clinics. | |
| 650 | 2 | |a Patients. | |
| 710 | 2 | 0 | |a Universiti Malaya. |b Jabatan Pergigian Masyarakat. |
| 948 | |a 12/03/2003 |b 22/07/2004 | ||
| 596 | |a 10 | ||
| 999 | |a WU113 UM 2001 NOORK |w LC |c 1 |i A503645532 |l STACKS |m P10PERGIGI |r Y |s Y |t TESIS |u 30/8/2003 | ||
